Fundamental Electronics / (Record no. 158159)

MARC details
000 -LEADER
fixed length control field 00563nam a2200205 a 4500
008 - FIXED-LENGTH DATA ELEMENTS--GENERAL INFORMATION
fixed length control field
049 00 - LOCAL HOLDINGS (OCLC)
Holding library MAIN
090 ## - LOCALLY ASSIGNED LC-TYPE CALL NUMBER (OCLC); LOCAL CALL NUMBER (RLIN)
Classification number (OCLC) (R) ; Classification number, CALL (RLIN) (NR) TK7816
Local cutter number (OCLC) ; Book number/undivided call number, CALL (RLIN) LED
003 - CONTROL NUMBER IDENTIFIER
control field
005 - DATE AND TIME OF LATEST TRANSACTION
control field 20230123134006.0
040 ## - CATALOGING SOURCE
Transcribing agency NUST
100 1# - MAIN ENTRY--PERSONAL NAME
Personal name Ledger, A.S.P.
245 10 - TITLE STATEMENT
Title Fundamental Electronics /
Statement of responsibility, etc. A.S.P. Ledger and N.H. Roche.
260 ## - PUBLICATION, DISTRIBUTION, ETC.
Place of publication, distribution, etc. London :
Name of publisher, distributor, etc. Blackie&Son ,
Date of publication, distribution, etc. 1967.
300 ## - PHYSICAL DESCRIPTION
Extent ix ,594 p. :
Other physical details ill. ;
Dimensions 21 cm.
500 ## - GENERAL NOTE
General note Includes index.
650 #1 - SUBJECT ADDED ENTRY--TOPICAL TERM
Topical term or geographic name entry element Electronics
907 ## - LOCAL DATA ELEMENT G, LDG (RLIN)
a .b10162215
b 11-07-06
c 06-05-05
942 ## - ADDED ENTRY ELEMENTS (KOHA)
Koha item type Ordinary Loan Books
Call number prefix TK7816
Call number suffix LED
Holdings
Date last seen Total Checkouts Full call number Barcode Cost, replacement price Price effective from Koha item type Lost status Source of classification or shelving scheme Damaged status Not for loan Collection Withdrawn status Home library Current library Shelving location Date acquired Cost, normal purchase price
01/23/2023 8 TK7816 LED 92003035902 80.00 01/23/2023 BOOKS   LCC     NFIC   MAIN MAIN GEN 01/23/2023 80.00